| 000 | 02101cam a2200373 a 4500 | ||
|---|---|---|---|
| 001 | 14613047 | ||
| 005 | 20070904075054.0 | ||
| 008 | 061027s2007 enka b 001 0 eng | ||
| 010 | _a 2006036087 | ||
| 015 |
_aGBA6A0272 _2bnb |
||
| 016 | 7 |
_a013612874 _2Uk |
|
| 020 | _a9780470032695 (pbk. : alk. paper) | ||
| 020 | _a0470032693 (pbk. : alk. paper) | ||
| 035 | _a(OCoLC)ocm76073733 | ||
| 035 | _a(OCoLC)76073733 | ||
| 040 |
_aDLC _cDLC _dUKM _dOCL _dBAKER _dBTCTA _dBWKUK _dYDXCP _dDLC |
||
| 050 | 0 | 0 |
_aHD53 _b.B476 2007 |
| 082 | 0 | 0 |
_a658.421 _222 _bBES |
| 100 | 1 | _aBessant, J. R. | |
| 245 | 1 | 0 |
_aInnovation and entrepreneurship / _cJohn Bessant, Joe Tidd. |
| 260 |
_aChichester, England : _bJohn Wiley & Sons, _cc2007. |
||
| 300 |
_axii, 462 p. : _bill. ; _c24 cm. |
||
| 504 | _aIncludes bibliographical references and index. | ||
| 505 | 0 | _aThe innovation imperative -- Organizing innovation and entrepreneurship -- Networks and systems -- Innovative manufacturing -- New product and service development -- Creating and sharing knowledge and intellectual property -- Exploiting discontinuous innovation -- Entrepreneurship and new ventures -- Social entrepreneurship and innovation -- Innovation for growth and sustainability -- Innovation, globalization and development -- Taking the next steps : making it happen. | |
| 650 | 0 | _aCreative ability in business. | |
| 650 | 0 | _aEntrepreneurship. | |
| 700 | 1 |
_aTidd, Joseph, _d1960- |
|
| 856 | 4 | 1 |
_3Table of contents only _uhttp://www.loc.gov/catdir/toc/ecip074/2006036087.html |
| 856 | 4 | 2 |
_3Contributor biographical information _uhttp://www.loc.gov/catdir/enhancements/fy0741/2006036087-b.html |
| 856 | 4 | 2 |
_3Publisher description _uhttp://www.loc.gov/catdir/enhancements/fy0741/2006036087-d.html |
| 942 |
_2ddc _cBB |
||
| 999 |
_c11046 _d11046 |
||